01013nam a22002657a 4500003000400000005001700004008004100021010001300062020001000075035002400085037001600109040001500125082003000140100005200170245008300222246004000305260006700345270011700412300006000529650004300589650004300632650002100675650001600696700003500712dpl20181116152218.0181116b ||||| |||| 00| 0 eng d aB-067467 c90.00 aB-067467, B-067471 bCen Lib/Ret aDPLbHNc0 aउ bटिवाणा  aटिवाणा , दिलीप कौर  aहस्ताक्षर /c दिलीप कौर टिवाणा  aHastakshar b by Dilip Kour Tivana  a दिल्लीbश्री प्रकाशन c2001 a4/32,सुभाष गली विश्वास नगर शाहदरा b दिल्लीe110032 a96पृष्ठ. c21सेमी(सजिल्द) aहिंदी साहित्य  aहिंदी उपन्यास  ahindi literature ahindi novel aनागपाल ,रमण